000 01094nas a2200421 4500
001 BR8503650
003 BR-BrBNA
005 20231205090303.0
007 ta
008 230509b bl.|||p| |||| 00| 00por d
040 _aBR-BrBNA
_bpor
_cBiblioteca Nacional de Agricultura
041 _a(Pt)
072 _aH20
100 1 _aTanaka, M.A.S.
245 1 _aDoencas causadas por fungos
650 _aDOENCA DE PLANTA
650 _aFUNGO
650 _aFERRUGEM
650 _aCARVAO
650 _aREQUEIMA
650 _aBATATA
650 _aMURCHA BACTERIANA
650 _aALGODAO
650 _aTOMATE
650 _aBRUSONE
650 _aARROZ
650 _aANTRACNOSE
650 _aFEIJAO
650 _aHELMINTOSPORIOSE
650 _aMILHO
650 _aSORGO
650 _aTRIGO
650 _aINFECCAO
650 _aCONTROLE QUIMICO
773 0 _tInforme Agropecuario - Empresa de Pesquisa Agropecuaria de Minas Gerais (Brazil)
_xISSN 0100-3364
_g(Feb 1985), v. 11(122) p. 92-95
_wBR8503650
909 _a202311
_bLúcia
_c55
_dLúcia Elande
942 _2AGRIS
_n0
_cANA
999 _c117360
_d117360